Front-of-package nutrition rating systems and symbols (Record no. 246404)
[ view plain ]
| 000 -LEADER | |
|---|---|
| fixed length control field | 01435nam a2200313 a 4500 |
| 245 10 - TITLE STATEMENT | |
| Title | Front-of-package nutrition rating systems and symbols |
| 260 ## - PUBLICATION, DISTRIBUTION, ETC. (IMPRINT) | |
| Place of publication | Washington, D.C. : |
| Name of publisher | National Academies Press, |
| Year of publication | 2010. |
| 300 ## - PHYSICAL DESCRIPTION | |
| Number of Pages | xi, 128 p. : |
| Other physical details | ill. |
| 650 #0 - SUBJECT ADDED ENTRY--TOPICAL TERM | |
| Topical Term | Food |
| Topical Term | Food |
| Topical Term | Nutrition. |
| 700 1# - ADDED ENTRY--PERSONAL NAME | |
| Personal name | Wartella, Ellen A. |
| Personal name | Lichtenstein, Alice H. |
| Personal name | Boon, Caitlin S. |
| 856 40 - ELECTRONIC LOCATION AND ACCESS | |
| Uniform Resource Identifier | http://site.ebrary.com/lib/rucke/Doc?id=10443273 |
No items available.
